Central Library OPAC University of Rajshahi

সমষ্টিগত অর্থনীতি = Macro Economics / (Record no. 38156)

MARC details
000 -LEADER
fixed length control field 00858nam a2200241 4500
001 - CONTROL NUMBER
control field 38156
003 - CONTROL NUMBER IDENTIFIER
rucl marc code BD-RjUL
005 - DATE AND TIME OF LATEST TRANSACTION
control field 20211209052735.0
008 - FIXED-LENGTH DATA ELEMENTS--GENERAL INFORMATION
fixed length control field 150917s1984 bg ||||| |||| 00| 0 ben d
035 ## - SYSTEM CONTROL NUMBER
System control number (BD-RjUL)38261
040 ## - CATALOGING SOURCE
Original cataloging agency BD-RjUL
Language of cataloging ben
Transcribing agency BD-RjUL
041 ## - LANGUAGE CODE
Language code of text/sound track or separate title ben
082 ## - DEWEY DECIMAL CLASSIFICATION NUMBER
Edition number 23
Classification number 339
Author mark and year DES 1984
100 ## - MAIN ENTRY--PERSONAL NAME
Personal name দে, মনোরঞ্জন
9 (RLIN) 118062
245 ## - TITLE STATEMENT
Title সমষ্টিগত অর্থনীতি = Macro Economics /
Statement of responsibility, etc. মনোরঞ্জন দে.
246 ## - VARYING FORM OF TITLE
Title proper/short title Macro Economics
250 ## - EDITION STATEMENT
Edition statement ২য় সং.
260 ## - PUBLICATION, DISTRIBUTION, ETC. (IMPRINT)
Place of publication, distribution, etc. ঢাকা :
Name of publisher, distributor, etc. গণেশ চন্দ্র দে,
Date of publication, distribution, etc. ১৯৮৪
300 ## - PHYSICAL DESCRIPTION
Pagination xxxi, ১১৮৪, ১২ পৃ. :
Illustrations চিত্র ;
Size ২০ সেমি.
650 ## - SUBJECT ADDED ENTRY--TOPICAL TERM
Topical term or geographic name as entry element সমষ্টিক অর্থনীতি
9 (RLIN) 118063
Topical term or geographic name as entry element Macroeconomics
9 (RLIN) 118064
942 ## - ADDED ENTRY ELEMENTS (KOHA)
Source of classification or shelving scheme Dewey Decimal Classification
Koha item type Books
Holdings
Lost status Source of classification or shelving scheme Damaged status Not for loan Collection code Permanent Location Current Location Shelving location Date acquired Source of acquisition Cost, normal purchase price Total Checkouts Full call number Date last seen Copy number Koha item type
  Dewey Decimal Classification     Non-fiction Central Library, University of Rajshahi Central Library, University of Rajshahi   01/09/1984 ইমপিরিয়াল বুকস ,রাজশাহী 110.00   B 339 DES V-2 1984 17/09/2015 C-2 Books
  Dewey Decimal Classification   Not For Loan Non-fiction Central Library, University of Rajshahi Central Library, University of Rajshahi Reading Room 01/09/1984 ইমপিরিয়াল বুকস ,রাজশাহী 110.00   B 339 DES V-2 1984 25/01/2017 C-1 Books
  Dewey Decimal Classification     Non-fiction Central Library, University of Rajshahi Central Library, University of Rajshahi   08/11/2018 Imparial books, Rajshahi 110.00   B 339 DES 1984 08/11/2018 C-3 Books